Statistics for Languages Spoken in New York City

Click here to take the quiz!

General Stats

  • This quiz has been taken 238 times
  • The average score is 9 of 10

Answer Stats

RankLanguagePopulation Speaking Language% of total population % Correct
1English 12,788,23370.72%
100%
2Spanish2,611,90314.44%
100%
3Chinese 472,9552.61%
97%
7French135,7890.75%
95%
6French Creole142,1690.79%
95%
5Italian213,7851.18%
92%
4Russian216,4681.20%
88%
9Korean114,5740.63%
81%
10Polish95,4130.53%
64%
8Yiddish121,9170.67%
42%

Score Distribution

Percentile by Number Answered

Percent of People with Each Score

Your Score History

You have not taken this quiz